Pursuing excellence : a study of U.S. twelfth-grade mathematics and science achievement in international context /

Bibliographic Details
Corporate Authors: National Center for Education Statistics, Third International Mathematics and Science Study
Other Authors: Takahira, Sayuri
Format: Government Document Book
Language:English
Published: Washington, DC : National Center for Education Statistics, Office of Educational Research and Improvement, U.S. Dept. of Education, 1998.
Edition:Rev. Aug. 1998.
Subjects:

MARC

Tag First Indicator Second Indicator Subfields
LEADER 00000cam a2200000 a 4500
001 in00000002555
005 20151007050725.0
008 981016s1998 dcua bs f000 0 eng d
035 |a (OCoLC)40119206 
035 |9 AJD1818AM 
040 |d GPO  |d DLC  |d MvI  |d UtOrBLW 
043 |a n-us--- 
049 |a UDOC 
074 |a 0461-D-05 
086 0 |a ED 1.302:EX 2/5 
088 |a NCES 98-049 
245 0 0 |a Pursuing excellence :  |b a study of U.S. twelfth-grade mathematics and science achievement in international context /  |c Sayuri Takahira [and others]. 
246 3 0 |a Study of U.S. twelfth-grade mathematics in international context 
250 |a Rev. Aug. 1998. 
264 1 |a Washington, DC :  |b National Center for Education Statistics, Office of Educational Research and Improvement, U.S. Dept. of Education,  |c 1998. 
300 |a 149 pages :  |b illustrations ;  |c 28 cm. 
336 |a text  |b txt  |2 rdacontent 
337 |a unmediated  |b n  |2 rdamedia 
338 |a volume  |b nc  |2 rdacarrier 
500 |a "Initial findings from the Third International Mathematics and Science Study." 
500 |a "February 1998"--Title page verso. 
500 |a Shipping list number: 99-0003-P. 
500 |a "NCES 98-049"--Cover. 
504 |a Includes bibliographical references. 
650 0 |a Mathematics  |x Study and teaching (Secondary)  |x Statistics. 
650 0 |a Science  |x Study and teaching (Secondary)  |x Statistics. 
650 0 |a Academic achievement  |z United States  |v Statistics. 
650 0 |a Twelfth grade (Education)  |x Statistics. 
700 1 |a Takahira, Sayuri. 
710 2 |a National Center for Education Statistics. 
710 2 |a Third International Mathematics and Science Study. 
999 |a MARS 
999 f f |s 6635b0a0-d693-3a17-820d-ed6d9c9c50e7  |i 8c6b3a0e-4e0e-3c23-b344-66cc58a3ab68  |t 0 
952 f f |p normal  |a Texas A&M University  |b College Station  |c Sterling C. Evans Library  |d Evans: US Documents (Annex 5th floor)  |t 0  |e ED 1.302:EX 2/5  |h Superintendent of Documents classification  |i unmediated -- volume  |m A14837820941 
998 f f |a ED 1.302:EX 2/5  |t 0  |l Evans: US Documents (Annex 5th floor)